000 00646nam a2200217Ii 4500
001 13383
003 CO-ViMGA
008 241108s9999||||xx |||||||||||||| ||und||
020 _a8470232975
040 _aCO-ViMGA
_bspa
_erda
_cCO-ViMGA
041 0 _aspa
082 0 4 _aF.FC R016.863 - C61g
100 1 _aJuan Gustavo Cobo Borda
_949187
245 1 0 _aGabriel García Marquez crítica y bibliografía
264 1 _aMadrid, España : A. Caballero, 1994
300 _avolumen
336 _atext
_btxt
_2rdacontent
337 _aunmediated
_bn
_2rdamedia
338 _avolume
_bnc
_2rdacarrier
940 _aidficha_siabuc: 13085. -- ficha_no_siabuc:13383
999 _c43830
_d43830